000 00771nas a2200265 4500
001 BR7900665
003 BR-BrBNA
005 20231205083626.0
007 ta
008 230509b bl.|||p| |||| 00| 00por d
040 _aBR-BrBNA
_bpor
_cBiblioteca Nacional de Agricultura
041 _a(Pt)
072 _aH60
100 1 _aGandolfi, V.H.
100 1 _aChemale, V.M.
100 1 _aSouza, B.H. de
100 1 _aBan, A.
245 1 _aPlantas invasoras da cultura do milho (Zea mays L.)no Rio Grande do Sul
650 _aERVA DANINHA
650 _aMILHO
650 _aRIO GRANDE DO SUL
773 0 _tAgronomia Sulriograndense (Brazil)
_xISSN 0400-8111
_g(1978), v. 14(1) p. 77-85
_wBR7900665
909 _a202311
_bLúcia
_c55
_dLúcia Elande
942 _2AGRIS
_n0
_cANA
999 _c100146
_d100146